000 00501nam a2200181Ia 4500
005 20250508150942.0
008 008 250505s9999 xx 000 0 eng d
037 _aTextual
040 _aFEDL
_beng
_cFEDL
041 _aeng
_2eng
084 _a684, HOR
_qFEDL
100 _aHordern Robert H
_9758024
245 0 _aWoodworking by machinery
260 _aLondon, UK
_bSir Isaac Pitman and Sons Limited
_c1937
300 _a90p.
942 _cTEXL
_h684, HOR
999 _c1326684
_d1326684